Sherlock Holmes and the sport of kings

Bewaard in:
Bibliografische gegevens
Hoofdauteur: Doyle, Arthur Conan
Formaat: Boek
Taal:Undetermined
Gepubliceerd in: Oxford Oxford University Press 2000
Onderwerpen:
Tags: Voeg label toe
Geen labels, Wees de eerste die dit record labelt!
Thư viện lưu trữ: Trung tâm Học liệu Trường Đại học Cần Thơ
LEADER 00625nam a2200193Ia 4500
001 CTU_190483
008 210402s9999 xx 000 0 und d
082 |a 428.4 
082 |b D754 
100 |a Doyle, Arthur Conan 
245 0 |a Sherlock Holmes and the sport of kings 
245 0 |c Arthur Conan Doyle ; Jennifer Bassett 
260 |a Oxford 
260 |b Oxford University Press 
260 |c 2000 
650 |a Reading comprehension,Short stories.,Đọc hiểu 
650 |x Problems, exercises, etc.,Câu hỏi và bài tập 
904 |i Tuyến 
980 |a Trung tâm Học liệu Trường Đại học Cần Thơ